[Event "Frankfurt Ch 2008"]
[Site "Ffm-Kalbach, LAZ"]
[Date "2008.06.02"]
[Round "5.32"]
[White "Liebske, Reiner"]
[Black "Thomele, Michael"]
[Result "1-0"]
[WhiteElo "1702"]
[BlackElo "1877"]
[PlyCount "101"]
[EventDate "2008.??.??"]

1. e4 d5 2. exd5 Qxd5 3. Nc3 Qd6 4. d4 Nf6 5. Nf3 Bg4 6. h3 Bh5 7. Be2 a6 8.
Be3 e6 9. Qd2 Nc6 10. O-O Be7 11. Rfe1 h6 12. Rad1 g5 13. Ne5 Bxe2 14. Rxe2 Nd5
15. Ne4 Qd8 16. Nxc6 bxc6 17. c4 Nb6 18. Qd3 Kf8 19. f3 a5 20. Bf2 Nc8 21. Bg3
Nd6 22. Be5 Rg8 23. Nf2 Rg6 24. Bg3 Nf5 25. Bh2 Bd6 26. Ng4 h5 27. Ne5 Bxe5 28.
Rxe5 g4 29. fxg4 hxg4 30. hxg4 Rxg4 31. Re4 Qg5 32. Rxg4 Qxg4 33. Be5 Ke7 34.
Qf3 Qxf3 35. gxf3 Rg8+ 36. Kf2 Rb8 37. b3 a4 38. Rd3 f6 39. Bxc7 Rb7 40. Ba5
axb3 41. axb3 Rd7 42. Bb4+ Ke8 43. Bc3 e5 44. d5 cxd5 45. Rxd5 Rh7 46. c5 Rh2+
47. Kg1 Rc2 48. Rd3 Nd4 49. Bxd4 exd4 50. Rxd4 Rxc5 51. Kf2 1-0

[Event "Frankfurt Ch 2008"]
[Site "Ffm-Kalbach, LAZ"]
[Date "2008.06.02"]
[Round "5.33"]
[White "Cors, Heinz-Friedrich"]
[Black "Arnold, Michael"]
[Result "1-0"]
[WhiteElo "2016"]
[BlackElo "1733"]
[PlyCount "37"]
[EventDate "2008.??.??"]

1. e4 d5 2. exd5 Qxd5 3. Nc3 Qd6 4. d4 Nf6 5. Nf3 Bg4 6. h3 Bh5 7. g4 Bg6 8.
Ne5 a6 9. Bf4 Nd5 10. Nxg6 Qxg6 11. Nxd5 Qe4+ 12. Be3 Qxd5 13. Rg1 c6 14. Qd3
Nd7 15. Bg2 Qd6 16. O-O-O O-O-O 17. Qc3 e5 18. dxe5 Qxe5 19. Rxd7 1-0

[Event "Frankfurt Ch 2008"]
[Site "Ffm-Kalbach, LAZ"]
[Date "2008.06.02"]
[Round "5.34"]
[White "Moranda, Katarzyna"]
[Black "Rasche, Hannes"]
[Result "0-1"]
[WhiteElo "1858"]
[BlackElo "2020"]
[PlyCount "58"]
[EventDate "2008.??.??"]

1. d4 Nf6 2. c4 g6 3. Nc3 Bg7 4. Nf3 O-O 5. Bg5 d6 6. e4 Nbd7 7. Bd3 c5 8. d5
h6 9. Bf4 Nh5 10. Bd2 a6 11. Qc2 Qe8 12. Be3 Rb8 13. O-O Nhf6 14. a3 Ng4 15.
Bd2 Nge5 16. Nxe5 Nxe5 17. Be2 b5 18. cxb5 axb5 19. f4 Ng4 20. h3 Bd4+ 21. Kh1
Nf6 22. f5 Kg7 23. Rf3 b4 24. axb4 Rxb4 25. Qc1 Rh8 26. h4 Be5 27. Ra8 Nxe4 28.
Nxe4 Rxe4 29. g3 Rxe2 0-1

[Event "Frankfurt Ch 2008"]
[Site "Ffm-Kalbach, LAZ"]
[Date "2008.06.02"]
[Round "5.35"]
[White "Tierling, Detlef"]
[Black "Bauer, Timo"]
[Result "0-1"]
[WhiteElo "2006"]
[BlackElo "1730"]
[PlyCount "84"]
[EventDate "2008.??.??"]

1. e4 g6 2. d4 Bg7 3. f4 d6 4. Nf3 c5 5. d5 Qb6 6. c3 Nf6 7. Nbd2 Bg4 8. h3 Bd7
9. a4 Nh5 10. Nc4 Qd8 11. Kf2 O-O 12. g4 Nf6 13. e5 dxe5 14. fxe5 Ne8 15. Be3
b5 16. axb5 Bxb5 17. Na3 Bxf1 18. Rxf1 Nd7 19. Nc4 Qb8 20. Qe2 f5 21. Bg5 fxg4
22. hxg4 Nxe5 23. Ncxe5 Bxe5 24. Kg2 Bf6 25. Bh6 Ng7 26. g5 Nh5 27. Qe6+ Kh8
28. Ne5 Qxb2+ 29. Kg1 Qxc3 30. Qg4 Bxe5 31. Bxf8 Qe3+ 32. Kg2 Bxa1 33. Rf3 Qe2+
34. Kh1 Qe1+ 35. Qg1 Qxg1+ 36. Kxg1 Bd4+ 37. Kf1 Re8 38. d6 Ng3+ 39. Kg2 Nf5
40. Rxf5 gxf5 41. Bxe7 a5 42. d7 Ra8 0-1

[Event "Frankfurt Ch 2008"]
[Site "Ffm-Kalbach, LAZ"]
[Date "2008.06.02"]
[Round "5.36"]
[White "Cammarata, Mattia"]
[Black "Mussler, Thomas"]
[Result "1/2-1/2"]
[WhiteElo "1691"]
[BlackElo "2168"]
[PlyCount "76"]
[EventDate "2008.??.??"]

1. d4 Nf6 2. Nf3 g6 3. c4 d6 4. Nc3 Bg7 5. e3 O-O 6. Be2 Na6 7. O-O c5 8. Re1
h6 9. h3 Nc7 10. Bd3 Rb8 11. a4 Bd7 12. Bd2 e6 13. Qc1 a6 14. e4 cxd4 15. Nxd4
e5 16. Nc2 g5 17. b4 Ne6 18. Nd5 Nf4 19. Bf1 N6xd5 20. cxd5 Rc8 21. Qd1 f5 22.
g3 Ng6 23. exf5 Bxf5 24. Ne3 Qf6 25. Rc1 Rxc1 26. Bxc1 Bd7 27. Re2 h5 28. Rb2
Rc8 29. Bd2 e4 30. Rc2 Qd4 31. Rxc8+ Bxc8 32. Qc2 Bd7 33. b5 axb5 34. axb5 Ne5
35. Bg2 Nf3+ 36. Bxf3 exf3 37. Kh2 Qb2 38. Qxb2 Bxb2 1/2-1/2

[Event "Frankfurt Ch 2008"]
[Site "Ffm-Kalbach, LAZ"]
[Date "2008.06.02"]
[Round "5.37"]
[White "Fischer, Arthur"]
[Black "Kannenberg, Carl-Fr"]
[Result "1-0"]
[WhiteElo "2013"]
[BlackElo "1959"]
[PlyCount "138"]
[EventDate "2008.??.??"]

1. e4 e5 2. Nf3 Nc6 3. Bb5 a6 4. Ba4 Nf6 5. Qe2 b5 6. Bb3 Be7 7. O-O O-O 8. c3
d6 9. h3 Na5 10. Bc2 c5 11. d3 Be6 12. Re1 Qc7 13. Nbd2 Nc6 14. Nf1 b4 15. Ng3
bxc3 16. bxc3 Rfb8 17. Ng5 Bd7 18. Bb3 Be8 19. Nf5 Bf8 20. Bd2 a5 21. Rab1 Rb7
22. Ne3 Rab8 23. Nd5 Qd8 24. Nf3 a4 25. Bc2 Rxb1 26. Rxb1 Rxb1+ 27. Bxb1 Nxd5
28. exd5 Ne7 29. d4 cxd4 30. cxd4 Qb6 31. Qd3 e4 32. Qxe4 f5 33. Qd3 Qb7 34. a3
Qb3 35. Bb4 Qxd5 36. Qe2 Bf7 37. Ng5 Qxd4 38. Nxf7 Kxf7 39. Qh5+ Kg8 40. Ba2+
Kh8 41. Qf7 Qa1+ 42. Kh2 Qe5+ 43. g3 Qf6 44. Qxf6 gxf6 45. Bxd6 Ng6 46. Bxf8
Nxf8 47. Bb1 f4 48. Bc2 fxg3+ 49. fxg3 Nd7 50. Bxa4 Nc5 51. Bc6 Nb3 52. Kg2 Kg7
53. Bd5 Na5 54. Kf3 Kf8 55. Ke3 Ke7 56. Kd4 Kd6 57. g4 h6 58. h4 Kd7 59. Kc5
Kc7 60. h5 Kd7 61. Kb5 Kd6 62. Kxa5 Kxd5 63. Kb6 Ke4 64. a4 Kf4 65. a5 Kxg4 66.
a6 Kxh5 67. a7 f5 68. a8=Q f4 69. Kc5 Kg4 1-0

[Event "Frankfurt Ch 2008"]
[Site "Ffm-Kalbach, LAZ"]
[Date "2008.06.02"]
[Round "5.38"]
[White "Schwabe, Michael"]
[Black "Fröhlich-Dill, Astrid"]
[Result "1/2-1/2"]
[WhiteElo "1647"]
[BlackElo "1997"]
[PlyCount "115"]
[EventDate "2008.??.??"]

1. e4 c5 2. Nf3 Nc6 3. d4 cxd4 4. Nxd4 e6 5. Be2 Nf6 6. f3 Bc5 7. Nb3 Bb6 8.
Nc3 a6 9. Bf4 O-O 10. Bd6 Ne7 11. Qd2 Ne8 12. Ba3 f5 13. Qg5 Rf7 14. O-O-O h6
15. Bxe7 Rxe7 16. Qg6 Rf7 17. Rhf1 Rf6 18. Qh5 Be3+ 19. Kb1 g6 20. Qh3 Qc7 21.
Rd3 f4 22. Qxh6 Qe5 23. g4 g5 24. Qh3 b5 25. Nd1 Kg7 26. Nxe3 fxe3 27. Qg3 Qf4
28. Qxf4 gxf4 29. h4 e5 30. Rfd1 d6 31. Na5 Kf7 32. c4 Be6 33. Rc3 Rc8 34. cxb5
Rxc3 35. bxc3 axb5 36. Bxb5 Nc7 37. Bc4 Bxc4 38. Nxc4 Ne8 39. Kc2 Ke6 40. a4
Rf7 41. a5 Rc7 42. Nb6 Ra7 43. Ra1 Nf6 44. Kd3 Ne8 45. c4 Nf6 46. a6 Ne8 47.
Nc8 Ra8 48. a7 Nc7 49. Nb6 Rh8 50. h5 Na8 51. Nd5 Rh7 52. Ra6 Rb7 53. Nc3 Rb2
54. Nb5 Rb3+ 55. Kc2 e2 56. Rxd6+ Ke7 57. Kd2 Re3 58. Ke1 1/2-1/2

[Event "Frankfurt Ch 2008"]
[Site "Ffm-Kalbach, LAZ"]
[Date "2008.06.02"]
[Round "5.40"]
[White "Jung, Bernd"]
[Black "Dubois De Luchet, E."]
[Result "1/2-1/2"]
[WhiteElo "1899"]
[BlackElo "1967"]
[PlyCount "72"]
[EventDate "2008.??.??"]

1. e4 c5 2. Nf3 d6 3. Bb5+ Bd7 4. Bxd7+ Qxd7 5. c4 Nc6 6. d4 Qg4 7. O-O Qxe4 8.
Nc3 Qg4 9. Nb5 O-O-O 10. h3 Qh5 11. d5 a6 12. dxc6 axb5 13. cxb7+ Kxb7 14. cxb5
Nf6 15. a4 Nd7 16. a5 Ra8 17. g4 Qxh3 18. Qd5+ Kb8 19. Qc6 Qxg4+ 20. Kh1 Ne5
21. Nxe5 dxe5 22. a6 Qh3+ 23. Kg1 Qg4+ 24. Kh2 Qh4+ 25. Kg1 Qg4+ 26. Qg2 Qxg2+
27. Kxg2 Kc7 28. Rd1 Kb6 29. Rd3 e6 30. Rd7 Kxb5 31. a7 Kc6 32. Rxf7 Kb6 33.
Rd7 Kc6 34. Rf7 Kb6 35. Rd7 Kc6 36. Rf7 Kb6 1/2-1/2

[Event "Frankfurt Ch 2008"]
[Site "Ffm-Kalbach, LAZ"]
[Date "2008.06.02"]
[Round "5.41"]
[White "Wehhofer, Josef"]
[Black "Larem, Peter"]
[Result "0-1"]
[WhiteElo "1634"]
[BlackElo "1942"]
[PlyCount "44"]
[EventDate "2008.??.??"]

1. d4 Nf6 2. c4 c5 3. d5 b5 4. Nc3 b4 5. Na4 d6 6. f3 g6 7. b3 Bg7 8. Bb2 O-O
9. a3 a5 10. e4 Nbd7 11. Qc2 Rb8 12. Qf2 Ba6 13. Be2 Nb6 14. Nxc5 dxc5 15. Qxc5
Nfd7 16. Qxa5 Bxb2 17. Ra2 Bc3+ 18. Kf1 Ra8 19. a4 Bxc4 20. Qxa8 Bxe2+ 21. Nxe2
Qxa8 22. g3 Nxd5 0-1

[Event "Frankfurt Ch 2008"]
[Site "Ffm-Kalbach, LAZ"]
[Date "2008.06.02"]
[Round "5.42"]
[White "Fischer, Ulrich"]
[Black "Schreyer, Alois"]
[Result "0-1"]
[WhiteElo "1256"]
[BlackElo "2113"]
[PlyCount "54"]
[EventDate "2008.??.??"]

1. e4 e6 2. Nf3 d5 3. Nc3 dxe4 4. Nxe4 Nd7 5. d4 Ngf6 6. Bd3 Nxe4 7. Bxe4 Nf6
8. Bg5 Be7 9. Bxf6 Bxf6 10. c3 O-O 11. Bc2 Re8 12. Qd3 g6 13. Ne5 c5 14. O-O-O
cxd4 15. cxd4 Bxe5 16. dxe5 Qa5 17. Kb1 Qxe5 18. g4 Qf6 19. h4 e5 20. g5 Qf4
21. Qe2 Bg4 22. Qe1 Bxd1 23. Bxd1 Rac8 24. Bb3 Kg7 25. h5 Qf5+ 26. Ka1 Qxg5 27.
hxg6 hxg6 0-1

[Event "Frankfurt Ch 2008"]
[Site "Ffm-Kalbach, LAZ"]
[Date "2008.06.02"]
[Round "5.43"]
[White "Sarközy, Benjamin"]
[Black "Rausch, Wolfgang"]
[Result "1-0"]
[WhiteElo "1787"]
[BlackElo "1673"]
[PlyCount "65"]
[EventDate "2008.??.??"]

1. d4 Nf6 2. c4 e6 3. Nf3 d5 4. Bg5 c6 5. Nbd2 Be7 6. e3 O-O 7. Bd3 dxc4 8.
Nxc4 Nbd7 9. O-O Nd5 10. Bxe7 Qxe7 11. Rc1 Rd8 12. Bb1 Nf8 13. Nce5 f6 14. Nd3
Qc7 15. h4 b6 16. e4 Ne7 17. Qb3 Bd7 18. Rfd1 Be8 19. d5 c5 20. dxe6 Rac8 21.
Qc4 Bh5 22. Nde1 Qc6 23. e5 f5 24. Rxd8 Rxd8 25. Ng5 Qd5 26. Bd3 Qxe5 27. Nf7
Bxf7 28. exf7+ Kh8 29. Nf3 Qf6 30. Re1 g6 31. Rxe7 Qxe7 32. Qc3+ Rd4 33. Nxd4
1-0

[Event "Frankfurt Ch 2008"]
[Site "Ffm-Kalbach, LAZ"]
[Date "2008.06.02"]
[Round "5.44"]
[White "Ostermeier, Thorsten"]
[Black "Winter, Olaf"]
[Result "0-1"]
[WhiteElo "1943"]
[BlackElo "1616"]
[PlyCount "70"]
[EventDate "2008.??.??"]

1. d4 e6 2. Nf3 g6 3. c4 Bg7 4. Nc3 Ne7 5. e3 a6 6. Be2 b6 7. Bd2 Bb7 8. Rc1 d6
9. Qb3 Nd7 10. e4 O-O 11. O-O h6 12. Be3 c5 13. dxc5 dxc5 14. Rfd1 Qc7 15. Bf4
Qxf4 16. Rxd7 Qxc1+ 17. Bf1 Bxc3 18. Rxb7 Qxb2 19. Rxe7 Qxb3 20. axb3 Rab8 21.
Ra7 a5 22. h4 Rfd8 23. Be2 Kf8 24. g3 Ke8 25. Kg2 Rd7 26. Rxd7 Kxd7 27. Nh2 f5
28. f3 Kc6 29. g4 f4 30. Kf2 b5 31. cxb5+ Rxb5 32. Bc4 a4 33. bxa4 Rb2+ 34. Kg1
Bd4+ 35. Kh1 Rb1+ 0-1

[Event "Frankfurt Ch 2008"]
[Site "Ffm-Kalbach, LAZ"]
[Date "2008.06.02"]
[Round "5.45"]
[White "Thole, Markus"]
[Black "Bittner, Peter"]
[Result "1/2-1/2"]
[WhiteElo "1749"]
[BlackElo "1966"]
[PlyCount "114"]
[EventDate "2008.??.??"]

1. e4 c5 2. Nf3 d6 3. d4 cxd4 4. Nxd4 Nf6 5. Nc3 g6 6. Be3 a6 7. f3 Bg7 8. Qd2
O-O 9. g4 b5 10. h4 Bb7 11. h5 e5 12. Nb3 Nc6 13. hxg6 fxg6 14. O-O-O Ne8 15.
Qh2 Nf6 16. Bc5 Ne8 17. Be3 Nd4 18. Nxd4 exd4 19. Rxd4 Rxf3 20. Qxh7+ Kf7 21.
Bh6 Qf6 22. Rd1 b4 23. Bxg7 Qxg7 24. Bc4+ Kf8 25. Qh8+ Qxh8 26. Rxh8+ Kg7 27.
Rg8+ Kh6 28. g5+ Kxg5 29. Rg1+ Kf4 30. Rf8+ Ke3 31. Nd1+ Kxe4 32. Bd3+ Rxd3 33.
cxd3+ Kxd3 34. Rg3+ Kd4 35. Kd2 Be4 36. Ne3 a5 37. Rh3 Nc7 38. Rxa8 Nxa8 39.
Rh7 Nb6 40. Ra7 a4 41. Rc7 b3 42. axb3 axb3 43. Rc3 d5 44. Rxb3 Nc4+ 45. Nxc4
dxc4 46. Rb4 g5 47. b3 Bd5 48. bxc4 Bxc4 49. Ke1 Kc3 50. Rb6 Bd3 51. Kf2 Kd4
52. Rb4+ Ke5 53. Ke3 Bf1 54. Re4+ Kf5 55. Re8 Bh3 56. Rf8+ Kg4 57. Rf2 Kh4
1/2-1/2

[Event "Frankfurt Ch 2008"]
[Site "Ffm-Kalbach, LAZ"]
[Date "2008.06.02"]
[Round "5.46"]
[White "Hausmann, Hans-Ulrich"]
[Black "Bender, Manfred"]
[Result "1-0"]
[WhiteElo "1950"]
[BlackElo "1821"]
[PlyCount "111"]
[EventDate "2008.??.??"]

1. d4 d5 2. c4 c6 3. cxd5 cxd5 4. Nc3 Nf6 5. Nf3 Nc6 6. Bf4 a6 7. e3 e6 8. Bd3
Bd6 9. Ne5 Qc7 10. Rc1 O-O 11. O-O Qb8 12. Nxc6 bxc6 13. Bxd6 Qxd6 14. Na4 e5
15. dxe5 Qxe5 16. Rxc6 Bd7 17. Rxa6 Rxa6 18. Bxa6 Bxa4 19. Qxa4 Qxb2 20. Qb3
Qxb3 21. axb3 Rb8 22. Rb1 Rb4 23. Kf1 Kf8 24. Bd3 h6 25. Ke2 Ke7 26. Kd2 Ne4+
27. Bxe4 dxe4 28. Kc3 Rb7 29. Kd4 f5 30. Rb2 Ke6 31. b4 g5 32. Kc5 f4 33. Kc6
Rb8 34. b5 Rc8+ 35. Kb7 Rd8 36. b6 Rd3 37. Rc2 fxe3 38. fxe3 Rxe3 39. Kc7 Rd3
40. b7 Rd7+ 41. Kc8 Rxb7 42. Kxb7 Kd5 43. Kc7 e3 44. Kd7 Kd4 45. Ke6 Kd3 46.
Rc1 e2 47. Kf5 Kd2 48. Ra1 e1=Q 49. Rxe1 Kxe1 50. g4 Kf2 51. Kg6 Kf3 52. h3 Kg3
53. Kxh6 Kf4 54. Kg6 Kg3 55. Kxg5 Kxh3 56. Kh5 1-0

[Event "Frankfurt Ch 2008"]
[Site "Ffm-Kalbach, LAZ"]
[Date "2008.06.02"]
[Round "5.47"]
[White "Nagel, Norbert"]
[Black "Genis, Roy"]
[Result "1-0"]
[WhiteElo "1708"]
[BlackElo "1917"]
[PlyCount "129"]
[EventDate "2008.??.??"]

1. g3 e5 2. c4 d5 3. cxd5 Qxd5 4. Nf3 e4 5. Nc3 Qc6 6. Ne5 Qc5 7. Qa4+ c6 8.
Qxe4 Nf6 9. Qe3 Qxe3 10. fxe3 Be6 11. Bg2 Bd6 12. Nd3 Nbd7 13. Nf4 Bc4 14. b3
Ba6 15. Bb2 O-O-O 16. Ne4 Nxe4 17. Bxe4 Rhe8 18. Bd3 Bxd3 19. Nxd3 f6 20. Rc1
Ne5 21. Nxe5 Bxe5 22. Bxe5 Rxe5 23. Rf1 Rdd5 24. Rf4 Ra5 25. a4 a6 26. Rc3 Rad5
27. Rd4 Kc7 28. Rxd5 Rxd5 29. Rd3 Rc5 30. Kf2 a5 31. e4 b5 32. Ke3 Re5 33. axb5
cxb5 34. Rd5 a4 35. Rxe5 fxe5 36. bxa4 bxa4 37. Kd3 Kb6 38. Kc4 a3 39. Kb3 Kc5
40. Kxa3 Kd4 41. Kb3 Kxe4 42. Kc4 h5 43. e3 Kf5 44. d4 Ke6 45. Kc5 exd4 46.
exd4 Kd7 47. Kd5 g5 48. h3 g4 49. h4 Ke7 50. Kc6 Kd8 51. Kd6 Ke8 52. Kc7 Ke7
53. d5 Kf6 54. d6 Ke5 55. d7 Ke4 56. d8=Q Kf3 57. Qd3+ Kg2 58. Kd6 Kf2 59. Ke5
Kg2 60. Kf4 Kh2 61. Kg5 Kg2 62. Kxh5 Kf2 63. Kxg4 Kg2 64. Qe2+ Kh1 65. Kh3 1-0

[Event "Frankfurt Ch 2008"]
[Site "Ffm-Kalbach, LAZ"]
[Date "2008.06.02"]
[Round "5.48"]
[White "Lietzau, Olaf"]
[Black "Benikhis, Avram"]
[Result "0-1"]
[WhiteElo "1652"]
[BlackElo "1774"]
[PlyCount "88"]
[EventDate "2008.??.??"]

1. Nf3 d5 2. d4 Bf5 3. c4 e6 4. Nc3 Nc6 5. e3 Nb4 6. e4 dxe4 7. Ne5 e3 8. Bxe3
Nc2+ 9. Ke2 Nxa1 10. Qxa1 f6 11. Nf3 h5 12. h3 c6 13. g3 Qa5 14. Bg2 Qa6 15.
Nd2 Nh6 16. Be4 Bxe4 17. Ncxe4 Nf5 18. Rf1 O-O-O 19. b3 Be7 20. Rd1 Nxe3 21.
fxe3 b6 22. Kf2 f5 23. Nc3 h4 24. Kg2 hxg3 25. Nf3 Bf6 26. Ne2 g5 27. Nxg3 Qb7
28. Qb1 g4 29. hxg4 fxg4 30. Nh2 Rdg8 31. Qe4 Qd7 32. Rh1 Rh4 33. b4 a6 34. a4
Qd6 35. b5 Rh3 36. Nhf1 Rxh1 37. Kxh1 axb5 38. cxb5 Qd5 39. bxc6 Kc7 40. Kg2
Ra8 41. Kf2 Qxe4 42. Nxe4 Bh4+ 43. Ke2 Rxa4 44. Kd3 Ra2 0-1

[Event "Frankfurt Ch 2008"]
[Site "Ffm-Kalbach, LAZ"]
[Date "2008.06.02"]
[Round "5.49"]
[White "Kronenburg, Thorsten"]
[Black "Kuhn, Luis"]
[Result "1/2-1/2"]
[WhiteElo "1564"]
[BlackElo "1759"]
[PlyCount "27"]
[EventDate "2008.??.??"]

1. b4 d5 2. e3 Nf6 3. Bb2 Bf5 4. Nf3 e6 5. b5 Be7 6. Be2 O-O 7. O-O c5 8. c4
Nbd7 9. d4 Rc8 10. cxd5 exd5 11. dxc5 Nxc5 12. Nc3 Re8 13. a4 Be6 14. Rc1
1/2-1/2

[Event "Frankfurt Ch 2008"]
[Site "Ffm-Kalbach, LAZ"]
[Date "2008.06.02"]
[Round "5.50"]
[White "Mühlbach, Christian"]
[Black "Gauf, Wolfgang"]
[Result "1/2-1/2"]
[WhiteElo "1474"]
[BlackElo "1758"]
[PlyCount "72"]
[EventDate "2008.??.??"]

1. e4 c5 2. Nf3 Nc6 3. d4 cxd4 4. c3 Nf6 5. Bd3 d6 6. cxd4 Bg4 7. d5 Bxf3 8.
Qxf3 Ne5 9. Bb5+ Ned7 10. O-O g6 11. Nc3 Bg7 12. Bf4 O-O 13. Rac1 Nh5 14. Bd2
Ne5 15. Qd1 Rc8 16. Be2 Nf6 17. f4 Qb6+ 18. Kh1 Nc4 19. Na4 Qd4 20. Bc3 Qxd1
21. Rfxd1 b5 22. Bxf6 Bxf6 23. Bxc4 Rxc4 24. Rxc4 bxc4 25. Rc1 Rb8 26. Rxc4
Bxb2 27. g3 Ba3 28. Kg2 Rb4 29. Rxb4 Bxb4 30. Kf3 Kf8 31. g4 Ke8 32. Ke3 Kd7
33. Kd4 Kc7 34. f5 Bd2 35. h3 Bf4 36. Kc4 Kb7 1/2-1/2

[Event "Frankfurt Ch 2008"]
[Site "Ffm-Kalbach, LAZ"]
[Date "2008.06.02"]
[Round "5.52"]
[White "Krüger, Jens"]
[Black "Klyszcz, Michael"]
[Result "0-1"]
[WhiteElo "1451"]
[BlackElo "2038"]
[PlyCount "86"]
[EventDate "2008.??.??"]

1. Nf3 g6 2. g3 Bg7 3. Bg2 Nf6 4. O-O O-O 5. d3 d5 6. Nfd2 e5 7. c4 c6 8. Nc3
d4 9. Nce4 Nxe4 10. Nxe4 Na6 11. a3 f5 12. Nd2 Nc7 13. b4 Ne6 14. a4 f4 15. b5
cxb5 16. cxb5 Ng5 17. Ba3 Rf7 18. Ne4 Nh3+ 19. Bxh3 Bxh3 20. Qb3 Bf8 21. Bxf8
Kxf8 22. Qb4+ Kg7 23. Rfc1 fxg3 24. hxg3 b6 25. Qd6 Qxd6 26. Nxd6 Rd7 27. Ne4
Bf5 28. Rc6 Bxe4 29. dxe4 Kf7 30. Rac1 Rad8 31. Rc7 Ke7 32. Rxd7+ Kxd7 33. f3
Ra8 34. Rd1 Rc8 35. e3 Rc4 36. Kf2 Rxa4 37. f4 Ke6 38. exd4 exd4 39. Kf3 Rb4
40. Ra1 Rxb5 41. Rxa7 Rb3+ 42. Ke2 Rxg3 43. Rxh7 Re3+ 0-1

[Event "Frankfurt Ch 2008"]
[Site "Ffm-Kalbach, LAZ"]
[Date "2008.06.02"]
[Round "5.53"]
[White "Scheerer, Michael"]
[Black "Lanz, Jürgen"]
[Result "0-1"]
[WhiteElo "1435"]
[BlackElo "1713"]
[PlyCount "38"]
[EventDate "2008.??.??"]

1. e4 e5 2. Nf3 Nf6 3. Nxe5 d6 4. Nf3 Nxe4 5. d4 d5 6. Bd3 Bf5 7. O-O Bd6 8.
Re1 O-O 9. c4 c6 10. cxd5 cxd5 11. Bxe4 Bxe4 12. Ng5 Bg6 13. b3 h6 14. Nf3 Nc6
15. a3 Rc8 16. Nc3 Bb8 17. Be3 Nb4 18. Ne5 Bxe5 19. dxe5 Nc2 0-1

[Event "Frankfurt Ch 2008"]
[Site "Ffm-Kalbach, LAZ"]
[Date "2008.06.02"]
[Round "5.54"]
[White "Lehmann, Gerit"]
[Black "Haftmann, Rainer"]
[Result "0-1"]
[WhiteElo "1427"]
[BlackElo "1859"]
[PlyCount "120"]
[EventDate "2008.??.??"]

1. d4 Nf6 2. Nf3 e6 3. Bg5 Be7 4. h3 d5 5. e3 Nbd7 6. c4 c6 7. Nc3 O-O 8. Bd3
dxc4 9. Bxc4 Nd5 10. Bxe7 Qxe7 11. Nxd5 exd5 12. Bd3 Qb4+ 13. Qd2 Qxd2+ 14.
Nxd2 f5 15. f4 Nf6 16. O-O Ne4 17. Nxe4 fxe4 18. Be2 Bd7 19. Rac1 Rf6 20. g4 g6
21. Kh2 Kg7 22. g5 Rf7 23. Kg3 Rh8 24. Bg4 Bf5 25. Bxf5 Rxf5 26. h4 h6 27. Rh1
h5 28. Rh2 Rc8 29. Rhc2 Rf7 30. b4 a6 31. Kf2 Rfc7 32. Ke2 Kf7 33. Kd2 Ke6 34.
Ke2 Kd6 35. Rf1 Rf7 36. Rfc1 Ra8 37. Rc5 Rc7 38. R5c2 Rf7 39. Rb1 Rc7 40. a4
Rf8 41. b5 axb5 42. axb5 c5 43. dxc5+ Rxc5 44. Rxc5 Kxc5 45. Rc1+ Kd6 46. b6
Rf7 47. Rc8 Re7 48. Rf8 Re6 49. f5 gxf5 50. Rxf5 Rg6 51. Kd2 Ke6 52. Rf1 Ke5
53. Rb1 Rd6 54. Rb5 Kf5 55. Kc3 Kg4 56. Kd4 Kxh4 57. Rxd5 Rxd5+ 58. Kxd5 Kxg5
59. Kxe4 Kg4 60. Kd3 h4 0-1

[Event "Frankfurt Ch 2008"]
[Site "Ffm-Kalbach, LAZ"]
[Date "2008.06.02"]
[Round "5.56"]
[White "Ebertz, Michael"]
[Black "Grimm, Heinz-Peter"]
[Result "1-0"]
[WhiteElo "1622"]
[BlackElo "1402"]
[PlyCount "67"]
[EventDate "2008.??.??"]

1. e4 c5 2. Nf3 d6 3. d4 cxd4 4. Nxd4 Nf6 5. Nc3 a6 6. a4 e6 7. f3 Be7 8. Be3
O-O 9. Be2 Bd7 10. Qd2 Nc6 11. f4 e5 12. Nb3 exf4 13. Bxf4 Re8 14. O-O-O Rc8
15. Bxd6 Nb4 16. Bxe7 Rxe7 17. Bf3 Rc7 18. Rhe1 Qc8 19. Qd6 Nc6 20. Nd5 Nxd5
21. exd5 Rxe1 22. Rxe1 Nd8 23. Nd4 Rc4 24. Qe7 g6 25. Qe5 Bxa4 26. b3 Bxb3 27.
Nxb3 Rxc2+ 28. Kd1 Qc4 29. Qe4 Qxe4 30. Rxe4 Rc3 31. Nd4 Kg7 32. Kd2 f5 33. Re8
Nf7 34. Kxc3 1-0

[Event "Frankfurt Ch 2008"]
[Site "Ffm-Kalbach, LAZ"]
[Date "2008.06.02"]
[Round "5.57"]
[White "Smith-Meyer, Geir"]
[Black "Honert, Stefan"]
[Result "1-0"]
[WhiteElo "1610"]
[BlackElo "1289"]
[PlyCount "65"]
[EventDate "2008.??.??"]

1. d4 d5 2. Bf4 e6 3. e3 c5 4. c3 Nf6 5. Nd2 Nc6 6. Bd3 Bd6 7. Bg5 cxd4 8. exd4
O-O 9. Ngf3 Re8 10. O-O h6 11. Bh4 e5 12. dxe5 Nxe5 13. Nxe5 Bxe5 14. Nf3 Bg4
15. Bb5 Re6 16. Qd3 Bxf3 17. Qxf3 Qd6 18. Bg3 Bxg3 19. hxg3 a6 20. Ba4 Ne4 21.
Rad1 Rd8 22. Rd4 Rf6 23. Qe3 Nc5 24. Bc2 Ne6 25. Rd2 Qc5 26. Qd3 g6 27. b4 Qb6
28. Rb1 Ng5 29. c4 Ne4 30. c5 Qe6 31. Re2 Qf5 32. Qd4 Nxg3 33. fxg3 1-0

[Event "Frankfurt Ch 2008"]
[Site "Ffm-Kalbach, LAZ"]
[Date "2008.06.02"]
[Round "5.58"]
[White "Bauer, Alfred"]
[Black "Vogelgesang, Marc"]
[Result "0-1"]
[WhiteElo "1400"]
[BlackElo "1594"]
[PlyCount "64"]
[EventDate "2008.??.??"]

1. e4 d5 2. f4 dxe4 3. Nc3 Nf6 4. Qe2 e6 5. Nxe4 Nbd7 6. Nf3 Nxe4 7. Qxe4 Nf6
8. Qc4 Qd6 9. d4 Be7 10. Be2 O-O 11. O-O a6 12. a4 b5 13. Qd3 b4 14. Ne5 a5 15.
Bf3 Ba6 16. Qd1 Nd5 17. Re1 Rac8 18. Be2 Rfd8 19. Nc4 Bxc4 20. Bxc4 Nxf4 21.
Re4 Nd5 22. Bd2 c5 23. Bxd5 Qxd5 24. Rg4 Bf6 25. c3 bxc3 26. bxc3 cxd4 27. cxd4
Bxd4+ 28. Kf1 Bxa1 29. Qxa1 Qf5+ 30. Rf4 Qd3+ 31. Kg1 Qxd2 32. Qf1 Rc1 0-1

[Event "Frankfurt Ch 2008"]
[Site "Ffm-Kalbach, LAZ"]
[Date "2008.06.02"]
[Round "5.59"]
[White "Kletzerman, Simon"]
[Black "Richter, Edgar"]
[Result "1-0"]
[WhiteElo "1592"]
[BlackElo "1246"]
[PlyCount "111"]
[EventDate "2008.??.??"]

1. e4 e5 2. Nf3 Nc6 3. Bc4 Be7 4. O-O d6 5. Nc3 Bg4 6. Nd5 Nf6 7. Nxf6+ Bxf6 8.
c3 O-O 9. Be2 Ne7 10. d4 exd4 11. cxd4 c6 12. e5 dxe5 13. dxe5 Qxd1 14. Rxd1
Bxf3 15. Bxf3 Bxe5 16. Rd7 Rfe8 17. Rxb7 Nd5 18. g3 Bd4 19. Bd2 Rab8 20. Rxb8
Rxb8 21. Rc1 Nb4 22. Bxb4 Rxb4 23. Rxc6 Rb8 24. b3 g6 25. Bd5 Rd8 26. Bc4 Bb6
27. a4 Rd2 28. Rf6 Rd7 29. Rf3 Kg7 30. Kf1 Rc7 31. Rd3 Re7 32. Rd5 Rc7 33. a5
Bc5 34. f3 f6 35. h3 g5 36. g4 Bb4 37. a6 Bc5 38. Rd8 Bb6 39. Rg8+ Kh6 40. Re8
Bc5 41. Ke2 Re7+ 42. Rxe7 Bxe7 43. Be6 Kg7 44. Kd3 Bd6 45. Kc4 Bc7 46. b4 Bb6
47. Kd5 Kf8 48. Kd6 h6 49. Bf5 Bd4 50. Ke6 Ke8 51. Be4 Kd8 52. Kf5 Ke7 53. Kg6
Bc3 54. b5 Kd6 55. Kxh6 Ke5 56. b6 1-0

[Event "Frankfurt Ch 2008"]
[Site "Ffm-Kalbach, LAZ"]
[Date "2008.06.02"]
[Round "5.60"]
[White "Grohmüller, Robert"]
[Black "Sallwey, Rainer"]
[Result "0-1"]
[WhiteElo "1350"]
[BlackElo "1568"]
[PlyCount "114"]
[EventDate "2008.??.??"]

1. d4 d5 2. c4 e6 3. Nf3 Nf6 4. g3 c6 5. Bg2 Nbd7 6. Nc3 Bb4 7. Bd2 dxc4 8. a3
Be7 9. a4 Nb6 10. Qc2 Nbd5 11. Na2 c3 12. Nxc3 Nxc3 13. Bxc3 Nd5 14. Bd2 O-O
15. O-O h6 16. Rfe1 Bb4 17. Rad1 Bxd2 18. Rxd2 Nb4 19. Qb3 a5 20. e4 b6 21. Rc1
Bb7 22. Ne5 Rc8 23. Nc4 Qc7 24. e5 Rfd8 25. Nd6 Rxd6 26. exd6 Qxd6 27. Be4 Rd8
28. Rcd1 Qc7 29. Qf3 Rb8 30. b3 Nd5 31. Rc1 Qd6 32. Rdd1 Rc8 33. Qg2 Qb4 34.
Bc2 Nc3 35. Rd3 Ba6 36. Rd2 Nd5 37. Rdd1 Bb7 38. Qe4 Nf6 39. Qe5 Nd7 40. Qe3
Nf6 41. h4 c5 42. dxc5 Qg4 43. Qd4 Qxd4 44. Rxd4 bxc5 45. Rd6 Nd5 46. f4 Kf8
47. Rd7 Nc7 48. f5 Bd5 49. Rd1 Ke8 50. fxe6 Bxe6 51. R7d6 c4 52. bxc4 Bxc4 53.
Rc6 Be6 54. Be4 Bd7 55. Rc5 Ne6 56. Rxa5 Rc4 57. Bd5 Rxa4 {...} 0-1

[Event "Frankfurt Ch 2008"]
[Site "Ffm-Kalbach, LAZ"]
[Date "2008.06.02"]
[Round "5.62"]
[White "Tramnitz, Christian"]
[Black "Krüger, Manfred"]
[Result "1-0"]
[WhiteElo "1529"]
[BlackElo "1690"]
[PlyCount "57"]
[EventDate "2008.??.??"]

1. e4 e5 2. Nf3 Nc6 3. Bc4 h6 4. a3 Be7 5. O-O Nf6 6. Re1 O-O 7. c3 a6 8. d4 b5
9. Ba2 d6 10. h3 a5 11. b4 axb4 12. axb4 Bb7 13. Nbd2 exd4 14. Nxd4 Ne5 15.
Nxb5 Nd3 16. Re3 Nf4 17. Qc2 Ba6 18. Nd4 Qd7 19. Nf5 c5 20. bxc5 dxc5 21. c4
Nh7 22. Bb1 Ng6 23. e5 Bg5 24. Rg3 Bf4 25. Rg4 Bxe5 26. Ra3 Qe6 27. Nh4 Bc7 28.
Nxg6 Qd6 29. Ne7+ 1-0